| 000 | 01665cam a22005294i 4500 | ||
|---|---|---|---|
| 003 | PE-LiUPU | ||
| 005 | 20250731180057.0 | ||
| 008 | 150617s r 000 0 d | ||
| 020 | _a9681601351 | ||
| 035 | _a(Sirsi) i9789681601355 | ||
| 040 |
_aPE-LiUPU _bspa _cPE-LiUPU _erda |
||
| 049 | _aPRUA | ||
| 082 | 0 | 4 |
_a519.5312 _bB57 _221 |
| 100 | 1 |
_aBlalock, Hubert M., _eautor. |
|
| 245 | 1 | 0 | _aEstadística social. |
| 264 | 1 |
_aMéxico : _bFondo Cultural Económica, _c1986. |
|
| 300 |
_a610 páginas ; _c21 centímetros |
||
| 336 |
_atext _2rdacontent |
||
| 337 |
_aunmediated _2rdamedia |
||
| 338 |
_avolume _2rdacarrier |
||
| 504 | _aIncluye bibliografía. | ||
| 505 | 0 | _aIntroducción -- Estadística discriptiva univariada -- Estadística inductiva -- Estadística bivariadas y multivariadas -- Muestreo. | |
| 526 | _aSEG44 | ||
| 526 | _aSEG26 | ||
| 526 | _aP159 | ||
| 526 | _aP155 | ||
| 526 | _aP154 | ||
| 526 | _aP153 | ||
| 526 | _aP150 | ||
| 526 | _aP100 | ||
| 526 | _aP31 | ||
| 526 | _aP30 | ||
| 526 | _aP26 | ||
| 526 | _aP25 | ||
| 526 | _aP24 | ||
| 526 | _aP22 | ||
| 526 | _aP15 | ||
| 526 | _aP10 | ||
| 650 | 0 | 4 |
_aCIENCIAS SOCIALES _xEstadística. |
| 910 |
_ajck _bjvq _cjck _d20150616 |
||
| 942 |
_2ddc _cBOOK |
||
| 949 |
_a519.5312 B57 _wDEWEY _c1 _i33034 _lCCODEBUL1 _mBUL _r0 _sY _tBOOK _u2015-4-21 _xEDUCACION _zUNKNOWN _0COMPRA _o.STAFF. Colección General |
||
| 994 |
_aC0 _bPEPRU |
||
| 596 | _a1 | ||
| 999 |
_a519.5312 B57 _wDEWEY _c10545 _i33034 _f2021-11-9 _g4 _lCCODEBUL1 _mBUL _r0 _sY _tBOOK _u2015-4-21 _xEDUCACION _zUNKNOWN _0COMPRA _o.STAFF. Colección General _d10545 |
||
| 980 |
_81 _gALBERTO SANCHEZ Responsable de Automatización |
||